000 00648cab a2200169 4500
001 ##L131466
008 051107n2005 000 0 eng u
035 _a(Sirsi) u131466
041 0 _aeng
100 1 _aCole, Margo
245 0 0 _aHigh and dry
260 _c2005
490 0 _aNew Civil Engineer
_v(1597) 20 October 2005, 29-30(2)
520 _aReports on the construction of a new flood protection scheme at Tilbury, on the Thames. The Hotel Gardens outfall sewer is being replaced, to provide enhanced protection for 4,000 homes in the town.
690 _aENVIRONMENTAL AND LAND CONSULTANCY-WATER RESOURCE MANAGEMENT-FLOODING
942 _n0
999 _c76098
_d76098